| 000 | 00360nam a2200145Ia 4500 | ||
|---|---|---|---|
| 008 | 180730s9999||||xx |||||||||||||| ||und|| | ||
| 020 | _a9788189530046 | ||
| 082 |
_a346.09 _bBAN/B |
||
| 100 | _aBangia, R.K | ||
| 245 | 0 | _aBANKING LAW & NEGOTIABLE INSTRUMENTS | |
| 250 | _a5th | ||
| 260 |
_aFaridabad _bAllahabad Law Agency _c2016 |
||
| 300 | _a464 | ||
| 942 | _cBK | ||
| 999 |
_c181 _d181 |
||